000 00508nam a22001937a 4500
003 MPLRDC
005 20220104123855.0
008 210129b ||||| |||| 00| 0 eng d
020 _a957-621-293-6
082 _a782.18 LHJ
100 _a李慧菊、杨孟瑜、萧富元著
245 _a顶尖人物成功之路
_c
250 _a一版四印
260 _a
_b天下文化出版股份有限
_c1996
300 _b
490 _a社会人文. 70
650 _a中国传记
942 _cBK
_o782.18 LHJ
999 _c14874
_d14864